Closest US Capitals to Santa Fe, NM Quiz Stats

 Plays Quiz Updated Nov 21, 2019

Score 0/10 Timer 02:00
1 Play Today
State Capital % Correct
Phoenix, AZ
97.2%
Austin, TX
97.2%
Denver, CO
96.1%
Oklahoma City, OK
91.5%
Salt Lake City, UT
91.4%
Topeka, KS
79.1%
Cheyenne, WY
77%
Lincoln, NE
74.3%
Boise, ID
63.2%
Pierre, SD
55.3%

You're not logged in!

Compare scores with friends on all Sporcle quizzes.
OR
Log In

Sporcle TV

Today on Sporcle TV


Watch our educational content, quiz creation guides, and fun videos on Sporcle TV.

Show Comments

Extras

Top Quizzes Today


Score Distribution

Your Account Isn't Verified!

In order to create a playlist on Sporcle, you need to verify the email address you used during registration. Go to your Sporcle Settings to finish the process.

Report this User

Report this user for behavior that violates our Community Guidelines.

Details: